00516nam a22001697a 450000500170000001000150001702000270003203500140005903700130007308200100008610000230009624500520011926000390017127000650021030000220027550000490029720170706123647.0 aENG-119120 a9789384247942c1225.00 aEN-102652 bDBAD/PUB a506.3 aGurao, Rajendra G. aElememts of data mining /cby Rajendra G. Gurao bchandralok prakashanc2016akanpur a132, shivram kripa, mayur park basant vihar,bkanpure208021 a340.p. c21cm(Hb) aincludes bibliographical refrences and index